000 00674nam a22001937a 4500
999 _c11422
_d11422
003 AR-CdUCM
008 190403b ||||| |||| 00| 0 spa d
040 _aMUNICIPALIDAD PROVINCIAL DEL CUSCO
_cBIBLIOTECA MUNICIPAL DEL CUSCO
082 _aES / 912 /
_bAT87
110 _aDistribuidora Navarrete
_928776
245 _aGran atlas :
_bUniversal y del Perú /
260 _aLima :
_bDistribuidora navarrete,
300 _a342 paginas
_c28 cm.
505 _aContenido :El mundo -- El universo y la tierra -- Nuestro Perú -- Geopolitica -- El sistema solar ...
650 _aGeografía
_9318
650 _aEducación secundaria
_94648
942 _2ddc
_cLIBROS
945 _arum